000 01698nam0a2200409 4500
001 RU\NLR\bibl\1129346
005 20250615070840.0
010 _a978-5-9573-0994-9
_95000
021 _aRU
_b2007-52564
_92786
035 _a(nilc)RSL-KNO-002835571
035 _a(NLR Aleph) 001116270
090 _a1269660
_c1269660
100 _a20060228d2007 |||y0rusy50 ca
101 0 _arus
102 _aRU
105 _ay |||||||||
106 _ar
200 1 _aМысли, избавляющие от вредных привычек
_fГеоргий Сытин
205 _a2-е изд., перераб. и доп.
210 _aСанкт-Петербург
_cВесь
_d2007
215 _a230, [25] с.
_d20
225 1 _aРеальное продление жизни
327 1 _aВ кн. также: Исцеляющие настрои: отрывок из книги
606 1 _aВредные привычки
_jПопулярные издания
_xБорьба с ними
_xПрименение настроев Сытина
_92604822
_3RU\NLR\auth\661541380
610 0 _aЗдравоохранение. Медицинские науки -- Общая гигиена -- Личная гигиена и гигиена быта -- Популярные издания
610 0 _aоздоровление организма
686 _aР120.4я9
_2rubbk
686 _aР120.482я9
700 1 _aСытин
_bГ. Н.
_f1921-
_gГеоргий Николаевич
_4070
801 0 _aRU
_bРКП
_c20060228
_grcr
801 1 _aRU
_bРГБ
_c20060228
801 2 _aRU
_bNLR
_c20060331
_grcr
830 _aпо кн
942 _cBOOK
980 _aNB